Największe europejskie miasta na literę J - Quiz z mapą - Statystyki

Ogólne statystyki
  • Ten quiz został rozwiązany 66 razy
  • Średni wynik to 6 z 20
Odpowiedzi na mapie
Odpowiedzi zakodowano w zielono-czerwonej skali na mapie do tego quizu, zgodnie z poniższymi procentami.
 
Statystyki odpowiedzi
Liczba
Ludności
Kraj Miasto % Poprawnych
75429 Polska Jelenia Góra
90%
88267 Polska Jaworzno
80%
82788 Polska Jastrzębie-Zdrój
75%
111191 Niemcy Jena
49%
608353 Rosja Jarosław
42%
79056 Ukraina/Rosja Jałta
42%
271692 Rumunia Jassy
39%
100579 Szwecja Jonkoping
36%
212879 Hiszpania Jerez de la Frontiera
20%
54701 Łotwa Jełgawa
19%
81627 Grecja Janina
17%
52154 Łotwa Jurmała
15%
145887 Finlandia Jyvaskyla
15%
111669 Hiszpania Jaen
10%
46490 Finlandia Jarvenpaa
5%
63656 Bułgaria Jamboł
3%
53704 Belgia Jette
3%
78062 Finlandia Joensuu
3%
102313 Rosja Jelec
2%
76673 Ukraina Jenakijewe
2%
Nie znaleziono quizów pasujących do podanych kryteriów
Rozkład punktacji
Procent ludzi z każdym wynikiem
Percentyl według liczby udzielonych odpowiedzi
Twoja historia wyników
Nie rozwiązałeś tego quizu